Fundamentals of anatomy and physiology plus mastering A&P with Pearson eText / (Record no. 99361)

MARC details
000 -LEADER
fixed length control field 01347nam a22003377a 4500
003 - CONTROL NUMBER IDENTIFIER
control field URS
005 - DATE AND TIME OF LATEST TRANSACTION
control field 20260405154610.0
008 - FIXED-LENGTH DATA ELEMENTS--GENERAL INFORMATION
fixed length control field 260405b |||||||| |||| 00| 0 eng d
020 ## - INTERNATIONAL STANDARD BOOK NUMBER
International Standard Book Number 978-129245-357-6
040 ## - CATALOGING SOURCE
Language of cataloging English
Description conventions rda
Transcribing agency URS
050 00 - LIBRARY OF CONGRESS CALL NUMBER
Classification number QP34.5
Item number .M3667 2024
245 10 - TITLE STATEMENT
Title Fundamentals of anatomy and physiology plus mastering A&P with Pearson eText /
Statement of responsibility, etc Frederic H. Martini...[and four others].
250 ## - EDITION STATEMENT
Edition statement Twelfth edition.
264 #1 - PUBLICATION, DISTRIBUTION, ETC. (IMPRINT)
Place of publication, distribution, etc Hoboken, NJ :
Name of publisher, distributor, etc Pearson Education, Inc.,
Date of publication, distribution, etc ©2024.
300 ## - PHYSICAL DESCRIPTION
Extent xxviii, 1144 pages :
Other physical details color illustrations ;
Dimensions 29 cm.
336 ## - CONTENT TYPE
Content type term text
Content type code txt
Source rdacontent
337 ## - MEDIA TYPE
Media type term unmediated
Media type code n
Source rdamedia
338 ## - CARRIER TYPE
Carrier type term volume
Carrier type code nc
Source rdacarrier
504 ## - BIBLIOGRAPHY, ETC. NOTE
Bibliography, etc Includes bibliographical references and index.
520 ## - SUMMARY, ETC.
Summary, etc "This is an anatomy and physiology textbook that fulfills the needs of both students and teachers, making this information, manageable, meaningful, and comprehensible"--
Assigning source Provided by publisher.
650 #0 - SUBJECT ADDED ENTRY--TOPICAL TERM
Topical term or geographic name as entry element Human physiology
Form subdivision Textbooks.
650 #0 - SUBJECT ADDED ENTRY--TOPICAL TERM
Topical term or geographic name as entry element Human anatomy
Form subdivision Textbooks.
650 #0 - SUBJECT ADDED ENTRY--TOPICAL TERM
Topical term or geographic name as entry element Anatomy.
9 (RLIN) 6616
650 #0 - SUBJECT ADDED ENTRY--TOPICAL TERM
Topical term or geographic name as entry element Physiology.
9 (RLIN) 6770
700 1# - ADDED ENTRY--PERSONAL NAME
Personal name Martini, Frederic,
Relator term author.
700 1# - ADDED ENTRY--PERSONAL NAME
Personal name Nath, Judi Lindsley,
Relator term author.
700 1# - ADDED ENTRY--PERSONAL NAME
Personal name Bartholomew, Edwin F.,
Relator term author.
700 1# - ADDED ENTRY--PERSONAL NAME
Personal name Ober, William C.,
Relator term author.
700 1# - ADDED ENTRY--PERSONAL NAME
Personal name Ober, Claire E.,
Relator term author.
942 ## - ADDED ENTRY ELEMENTS (KOHA)
Source of classification or shelving scheme Library of Congress Classification
Koha item type Reserved Books
Holdings
Withdrawn status Lost status Source of classification or shelving scheme Damaged status Not for loan Collection code Home library Current library Shelving location Date acquired Source of acquisition Cost, normal purchase price Total Checkouts Full call number Barcode Date last seen Copy number Cost, replacement price Price effective from Koha item type
    Library of Congress Classification     Non-fiction Taytay College Library Taytay College Library Medicine Collection 04/05/2026 Purchased 6418.00   QP34.5 .M3667 2024 URSTAY-6147 04/05/2026 1 6418.00 04/05/2026 Reserved Books

University of Rizal System
Email us at univlibservices@urs.edu.ph

Visit our Website www.urs.edu.ph/library